| 000 | 01673nam a2200289Ia 4500 | ||
|---|---|---|---|
| 999 |
_c41876 _d41876 |
||
| 001 | 8559 | ||
| 003 | GE_BSU | ||
| 005 | 20200817131859.0 | ||
| 008 | 181216s2012||||ge |||||||||||||| ||geo|| | ||
| 020 | _a9789941132582 | ||
| 040 | _cGE_BSU | ||
| 041 | _ageo | ||
| 080 | _a342 პ–14 | ||
| 100 |
_aპაკტე, პიერ _96155 |
||
| 245 |
_aკონსტიტუციური სამართალი = Droit constitutionnel : _b2009 წლის ივლისის მდგომარეობით / _c პიერ პაკტე, ფერდინან მელენ-სუკრამანიანი ; მთარგმნ. გიული კალატოზიშვილი ; სამეცნ. რედ. ავთანდილ დემეტრაშვილი. |
||
| 250 | _a28-ე გამოცემა | ||
| 264 |
_aთბილისი : _bთბილისის უნ–ტის გამ–ბა, _c2012. |
||
| 300 |
_a967 გვ.; _b23 სმ. |
||
| 500 | _aპარალ. თავფურ. ფრანგ. | ||
| 501 | _aსაძიებელი გვ. 936-941 | ||
| 504 | _aბიბლიოგრ. ტექსტ. შენიშვნ. | ||
| 653 | _aკონსტიტუციური სამართალი | ||
| 700 |
_a მელენ-სუკრამანიანი, ფერდინან _eავტორი _96156 |
||
| 700 |
_aკალატოზიშვილი, გიული _eმთარგმნელი _96157 |
||
| 700 |
_aდემეტრაშვილი, ავთანდილ _eრედაქტორი _9162 |
||
| 942 |
_cBK _2udc |
||